000 00566nam a2200193Ia 4500
003 OSt
005 20250703132537.0
008 210210b1984 xxu||||| |||| 00| 0 eng d
040 _cAL
041 _aKannada
082 _aK494.5 KUSK
100 _aKUSHALAPPA GAUDA K
_985312
_dಕುಶಾಲಪ್ಪ ಗೌಡ ಕೆ
245 _aKannada bhashavalokana
_b: ಕನ್ನಡ ಭಾಷಾವಲೋಕನ
260 _aMadarasu
_bMadarasu Vishvavidyanilaya
_c1984
300 _aii,272p.
690 _aKannada Grammar
_985313
906 _a037598
942 _2ddc
_cBK
999 _c87818
_d87818